000 02855nam0a2200385 4500
001 RU\NLR\bibl\1451600
005 20250615231955.0
010 _a978-5-16-002430-1
_9500
021 _aRU
_b2009-85389
_95373
035 _a(nilc)DITM\BIBL\0000002401
035 _a(NLR Aleph) 001443414
090 _a1477360
_c1477360
100 _a20100120d2010 |||y0rusy50 ca
101 0 _arus
102 _aRU
105 _aa |||||||||
200 1 _aОрганизационное проектирование
_eучебник
_eдля слушателей образовательных учреждений, обучающихся по программе MBA и другим программам подготовки управляющих кадров
_fВ. А. Баринов
_gИн-т экономики и финансов "Синергия"
210 _aМосква
_cИНФРА-М
_d2010 [т.е. 2009]
215 _a383, [1] с.
_cил.
_d22
225 1 _aСерия учебников для программы MBA (Master of Business Administration)
225 1 _aСинергия
300 _aВ макете загл. сер.: Учебники для программы MBA
300 _aКн. фактически издана в 2009 г.
320 _aБиблиогр. в конце гл.
330 _aВ учебнике обобщен опыт отечественной практики проектирования организационных структур управления коммерческим предприятием, отражены современные подходы западных школ. Учебное пособие поможет выбрать методику рационализации организационной структуры предприятия с учетом особенностей технологии и объемов производства, а также выработанной стратегии его развития. Для слушателей программы MBA, руководителей крупных предприятий, преподавателей, аспирантов и лиц, самостоятельно изучающих управление современным предприятием
606 1 _aОрганизационное проектирование
_jУчебники для высших учебных заведений
_92184537
_3RU\NLR\auth\661313457
686 _a65.291.21
_vLBC/RL
_2rubbk
686 _aУ29(2)я73
700 1 _aБаринов
_bВ. А.
_gВладимир Александрович
_4070
801 0 _aRU
_bРязанская ОУНБ
_c20100120
_grcr
801 1 _aRU
_bРязанская ОУНБ
_c20100120
_2rusmarc
801 2 _aRU
_bNLR
_c20091214
_grcr
942 _cBOOK
980 _aNB